Putas asesinas
Guardat en:
| Autor principal: | |
|---|---|
| Format: | Llibre |
| Idioma: | espanyol |
| Publicat: |
Barcelona
Anagrama
2001
|
| Edició: | 1a. ed |
| Col·lecció: | Narrativas Hispánicas, 314
|
| Matèries: | |
| Etiquetes: |
Afegir etiqueta
Sense etiquetes, Sigues el primer a etiquetar aquest registre!
|
MARC
| LEADER | 00000nam a2200000 a 4500 | ||
|---|---|---|---|
| 001 | UCL7715 | ||
| 003 | CL-VaPUC | ||
| 008 | 040528e20010000SP |||||||||||||||||spa|d | ||
| 020 | |a 8433924850 | ||
| 082 | 0 | 4 | |a Ch863 |b BOL |2 21 |
| 100 | 0 | |a Bolaño, Roberto |e author |9 485622 | |
| 245 | 1 | 0 | |a Putas asesinas |
| 250 | |a 1a. ed | ||
| 300 | |a 225 p | ||
| 942 | |c BK | ||
| 945 | |d 20040528 00:00:00 |a cmena | ||
| 260 | |a Barcelona |b Anagrama |c 2001 | ||
| 650 | 0 | |a Novelas chilenas |9 265425 | |
| 650 | 0 | |a Literatura chilena |9 308278 | |
| 583 | |a last modification |c 20040528 00:00:00 |k Rodrigo Vera | ||
| 490 | 0 | |a Narrativas Hispánicas, 314 | |
| 999 | |c 309339 |d 309337 | ||
| 952 | |0 0 |1 0 |4 0 |6 CH_863_000000000000000_BOL_2001 |7 0 |8 A |9 376765 |a BIBCUR |b BIBCUR |d 2019-11-21 |i 4004310 |l 7 |m 1 |o Ch863 BOL 2001 |p 4004310 |q 2025-05-13 |r 2025-05-06 |s 2025-05-06 |w 2019-11-21 |y BK |k PER | ||